Ameryka Północna-Jedno Minutowy Sprint - Statystyki

Ogólne statystyki
  • Ten quiz został rozwiązany 217 razy
  • Średni wynik to 17 z 24
Odpowiedzi na mapie
Odpowiedzi zakodowano w zielono-czerwonej skali na mapie do tego quizu, zgodnie z poniższymi procentami.
 
Statystyki odpowiedzi
Państwa % Poprawnych
Kanada
99%
Stany Zjednoczone
99%
Meksyk
98%
Kuba
95%
Panama
85%
Dominika
84%
Jamajka
84%
Honduras
79%
Dominikana
78%
Gwatemala
77%
Kostaryka
75%
Kostaryka
75%
Haiti
73%
Bahamy
70%
Salwador
69%
Belize
68%
Nikaragua
65%
Trynidad i Tobago
51%
Barbados
48%
Saint Lucia
47%
Antigua i Barbuda
46%
Grenada
44%
Saint Kitts i Nevis
44%
Saint Vincent i Grenadyny
42%
Nie znaleziono quizów pasujących do podanych kryteriów
Rozkład punktacji
Procent ludzi z każdym wynikiem
Percentyl według liczby udzielonych odpowiedzi
Twoja historia wyników
Nie rozwiązałeś tego quizu